| 000 | 01766nam a2200241Ia 4500 | ||
|---|---|---|---|
| 001 | 18002 | ||
| 003 | GE_BSU | ||
| 008 | 181216s||||||||xx |||||||||||||| ||und|| | ||
| 040 | _cGE_BSU | ||
| 080 | _a631(038)+811.161.1(038)+811.353.1(038) | ||
| 100 | _aკაციტაძე, ჯემალ; ფუტკარაძე,ზაურ. | ||
| 245 | _aრუსულ-ქართული აგროსაინჟინრო ტერმინოლოგიური და განმარტებითი ლექსიკონი:Агроинженерный терминологический и пояснительный словарь | ||
| 245 | _cრედ:შოთა ჭალაგანიძე | ||
| 260 | _aბათუმი. | ||
| 260 | _bალიონი | ||
| 260 | _c2016 | ||
| 300 | _a280გვ;21სმ. | ||
| 300 | _bბიბლიოგრ.: გვ. 278-280 | ||
| 653 | _aაგროინჟინერია-სოფლის მეურნეობა | ||
| 653 | _aაგროსაინჟინრო ტერმინოლოგიური და განმარტებითი ლექსიკონი. | ||
| 653 | _aშედგება ორი ნაწილისაგან პირველ ნაწილში წარმოდგენილია რუსული ტერმინები და შესატყვისი ქართული გამოთქმები,ხოლო მეორეში სოფლის მეურნეობის აგროსაინჟინრო სფეროში გამოყენებული ტერმნინების მოკლე განმარტებები. | ||
| 942 | _cBK | ||
| 999 |
_c51045 _d51045 |
||